Ευρωπαϊκή πολιτική ένωση : θεωρία-διαπραγμάτευση; θεσμοί και πολιτικές; η συνθήκη του Maastricht και η Ελλάδα

Saved in:
Bibliographic Details
Main Author: Ιωακειμίδης, Παναγιώτης Κ.
Format: Book
Language:Greek
Published: Αθήνα : Θεμέλιο, c1993.
Edition:2η έκδ.
Series:Βιβλιοθήκη ευρωπαϊκών θεμάτων
Subjects:
Tags: Add Tag
No Tags, Be the first to tag this record!

MARC

LEADER 00000cam a2200000 i 4500
001 1/57063
008 960516s1993 gr | |||| ||| ||gre||
020 |a 9603101656 
035 |1 ΠΑΡ  |a 1997  |l 10028128 
040 |a GR-MY-UA  |b gre  |e aacr 
041 0 |a gre 
082 7 |a 337.142   |2 (22) 
100 1 |a Ιωακειμίδης, Παναγιώτης Κ. 
245 1 0 |a Ευρωπαϊκή πολιτική ένωση :   |b θεωρία-διαπραγμάτευση; θεσμοί και πολιτικές; η συνθήκη του Maastricht και η Ελλάδα /   |c Π. Κ. Ιωακειμίδης.  
250 |a 2η έκδ.  
260 |a Αθήνα :   |b Θεμέλιο,   |c c1993.  
300 |a 590 σ. ;   |c 21 εκ.  
490 1 |a (Βιβλιοθήκη ευρωπαϊκών θεμάτων)  
500 |a Το Παράρτημα Λέσβου διαθέτει την 2η έκδοση [ανατύπωση], 1995.  
500 |a Το Παράρτημα Ρόδου διαθέτει την 2η έκδοση [ανατύπωση], 1995.  
504 |a Περιλαμβάνει βιβλιογραφικές παραπομπές και ευρετήριο.  
610 2 0 |a European Economic Community. 
610 2 0 |a European Economic Community  |z Greece. 
830 0 |a Βιβλιοθήκη ευρωπαϊκών θεμάτων 
852 |a INST  |b CHIOS  |e 19960516  |h 337.142 ΙΩΑ  |p 005200008398  |q 005200008398  |t BK  |y 0 
852 |a INST  |b CHIOS  |e 19960516  |h 337.142 ΙΩΑ  |p 005200008410  |q 005200008410  |t BK  |y 0 
852 |a INST  |b CHIOS  |e 19990316  |h 337.142 ΙΩΑ  |p 005200014604  |q 005200014604  |t BK  |y 0 
852 |a INST  |b LESVOS  |e 19980522  |h 337.142 ΙΩΑ  |p 005100013928  |q 005100013928  |t BK  |y 0 
852 |a INST  |b LESVOS  |e 19980218  |h 337.142 ΙΩΑ  |p 005100015136  |q 005100015136  |t BK  |y 0 
852 |a INST  |b RHODES  |e 20100112  |h 337.142 ΙΩΑ  |p 005400032257  |q 005400032257  |t BK  |y 0 
901 |a BIBL-1998-2 
909 |a Χ  |b 045558 
909 |a Χ  |b 045559 
909 |a Χ  |b 055609 
909 |a Λ  |b 052039 
909 |a Λ  |b 056553 
909 |a Ρ  |b 157274 
922 |a 2ΕΛΗ  |b 199903  |c ΜΕΤΑΠΤΥΧΙΑΚΟ ΤΟΥΡΙΣΜΟΥ 
922 |a 1ΕΛΗ  |b 199806  |c ΚΠΣ/ΤΓ  |d EMVASIS 
950 |a 014-1996-07-16 
950 |a 118-1998-03-23 
970 |z 1996/05